000 00663 a2200205 4500
999 _c8736
_d8736
020 _a9781849291675 (paperback)
020 _a9781848599611
050 0 0 _aHC800 VIC 2017
100 1 _aVickers, Brendan
245 1 2 _aA handbook on regional integration in Africa :
_btowards Agenda 2063 /
_cby Brendan Vickers.
264 1 _aLondon :
_bCommonwealth,
_c[2017]
300 _axiii, 80 pages :
_billustrations, maps ;
500 _a----
504 _aIncludes bibliographical references.
650 0 _aInternational economic integration.
650 7 _aInternational economic integration.
651 0 _aAfrica
651 7 _aAfrica.
942 _2lcc
_cBK
_h800
_iVIC
_kHC